000 00743nam a2200241 a 4500
001 56224
003 BD-RjUL
005 20211209080353.0
008 161127s1930 enk 000 0 und d
035 _a(BD-RjUL)56348
040 _aEQO
_cEQO
_beng
_dBD-RjUL
041 _aeng
082 _223
_a941
_bHIG 1930
245 0 0 _aHighroads of history /
_cIllastrated by John Pettie ... [et al.]
260 _aLondon :
_bThomas Nelson and Sons, Ltd.,
_c1930
300 _aBk. :
_bill. ;
_c20 cm
490 1 _aRoyal school series
505 0 _aBk. 4 Other days and other ways (from the earliest times to 1485) --
651 _aGreat Britain
_9167301
700 _aPettie, John
_9167302
830 0 _aRoyal school series
_9167304
942 _2ddc
_cBK
999 _c56224
_d56224